000
00309nam a22001217a 4500
040
_c
RUA
082
_a
OPG SOK 2020 A126 Or.
100
_a
SOK UDOM DETH
245
_a
A Histrory of Cambodia-Thailand Diplomatic Ralations 1950-2020
260
_a
RUA
_b
Phnom Penh
_c
2020
300
_a
231P.
_c
22Cm
942
_c
EK
999
_c
25430
_d
25430